Statistics for Tracks from 'Rumours' by Fleetwood Mac

Click here to take the quiz!

General Stats

  • This quiz has been taken 460 times
  • The average score is 8 of 11

Answer Stats

HintAnswer% Correct
7The Chain
88%
2Dreams
86%
5Go Your Own Way
83%
4Don't Stop
72%
6Songbird
70%
1Second Hand News
69%
8You Make Loving Fun
67%
11Gold Dust Woman
66%
3Never Going Back Again
59%
10Oh Daddy
58%
9I Don't Want To Know
47%

Score Distribution

Percentile by Number Answered

Percent of People with Each Score

Your Score History

You have not taken this quiz